Normal view MARC view

Entry Personal Name

Number of records used in: 1

001 - CONTROL NUMBER

  • control field: 5562

003 - CONTROL NUMBER IDENTIFIER

  • control field: OSt

005 - DATE AND TIME OF LATEST TRANSACTION

  • control field: 20211105132657.0

008 - FIXED-LENGTH DATA ELEMENTS

  • fixed length control field: 211105|| aca||aabn | a|a d

040 ## - CATALOGING SOURCE

  • Original cataloging agency: OSt
  • Transcribing agency: OSt

100 ## - HEADING--PERSONAL NAME

  • Personal name: Bloch, C., ed

670 ## - SOURCE DATA FOUND

  • Source citation: Work cat.: (OSt): Conference of International School of Physics "Enrico Fermi" Italy 1965 July 26 - Aug. 14 5561, Many-body description of nuclear structure and reactions, 1966

Powered by Koha